Students 'hand book of accounting / (Record no. 140779)

MARC details
000 -LEADER
fixed length control field 00507nam a22001817a 4500
005 - DATE AND TIME OF LATEST TRANSACTION
control field 20170703104538.0
010 ## - LCCN (DPL NO)
LC control number ENG-118533
020 ## - INTERNATIONAL STANDARD BOOK NUMBER
International Standard Book Number 9788192060837
Terms of availability 290.00
035 ## - SYSTEM CONTROL NUMBER
System control number EN-102065
037 ## - SOURCE OF ACQUISITION
Source of stock number/acquisition DBAD/PUB
082 ## - DEWEY DECIMAL CLASSIFICATION NUMBER
Classification number 657
100 ## - MAIN ENTRY--PERSONAL NAME
Personal name Rani, P
245 ## - TITLE STATEMENT
Title Students 'hand book of accounting /
Statement of responsibility, etc by P Rani
260 ## - PUBLICATION, DISTRIBUTION, ETC. (IMPRINT)
Place of publication, distribution, etc A.P.
Name of publisher, distributor, etc jai Bharth Publishers
Date of publication, distribution, etc 2012
270 ## - ADDRESS
Address 2/18 Brodiepet, Guntur
City A.P.
Postal code 522002
300 ## - PHYSICAL DESCRIPTION
Extent Multi Pages.
Dimensions 24cm(pbk)
942 ## - ADDED ENTRY ELEMENTS (KOHA)
Source of classification or shelving scheme Dewey Decimal Classification
Item type English Books
Call number suffix RAN
Classification part 657
Holdings
Withdrawn status Lost status Not for loan Collection code Home library Current library Date acquired Source of acquisition Cost, normal purchase price Full call number Barcode Copy number Cost, replacement price Koha item type
      Non-fiction Janak Puri Janak Puri 06/06/2017 DBAD/PUB 290.00 657 RAN EN-102065 1 290.00 English Books

© Delhi Public Library
Hit Counter
free hit counter